A munkamegosztás és a személyiség sokoldalú fejlődésének kérdéséről
Elmentve itt :
| Szerző: | |
|---|---|
| Adatforrás: | Philobibl |
| Forrásdokumentuma: | Magyar Filozófiai Szemle 7 1963/4., 735-742. p. |
| Dokumentumtípus: | Cikk |
| Nyelv: | magyar |
| LEADER | 00338nab a2200097 c 4500 | ||
|---|---|---|---|
| 001 | bibDOK00007296 | ||
| 005 | 20200924120312.6 | ||
| 008 | 060518s1963 hu hun | ||
| 100 | 1 | |a Ágh Attila | |
| 245 | 1 | 2 | |a A munkamegosztás és a személyiség sokoldalú fejlődésének kérdéséről |c Ágh Attila |
| 773 | 0 | |t Magyar Filozófiai Szemle 7 |g 1963/4., 735-742. p. | |